| 000 | 00796 a2200265 4500 | ||
|---|---|---|---|
| 003 | CBULib | ||
| 005 | 20240911134838.0 | ||
| 008 | 240417b |||||||| |||| 00| 0 eng d | ||
| 020 | _a9781138190696 | ||
| 040 |
_bEnglish _cCBULib _erda |
||
| 041 | _aeng | ||
| 050 | _aHV 4708 Saw | ||
| 100 | _aSawyer, James | ||
| 245 |
_aAnimal management and welfare in natural disasters _c/ by James Sawyer and Gerardo Huertas |
||
| 260 |
_bRoutledge, _c2018 _aNew York : |
||
| 300 | _axi, 189 pages : illustrations | ||
| 336 |
_2rdacontent _aText | _btxt |
||
| 337 |
_2rdamedia _aUnmediated | _bn |
||
| 338 |
_2rdacarrier _aVolume _bnc |
||
| 650 | 0 |
_92785 _aANIMAL WELFARE |
|
| 650 | 0 |
_92786 _aDISASTERS |
|
| 650 | 0 |
_92787 _aDISASTER PLANNING |
|
| 700 |
_92784 _aHuertas, Gerardo |
||
| 942 |
_2lcc _c002 |
||
| 999 |
_c84861 _d84861 |
||